000
00206 a2200109 4500
020
_a
9780452296718
041
_a
eng
100
_a
P L Gus
245
_a
Separate From The World
942
_c
BK
952
_7
1
999
_c
23478
_d
23478